000 00462nam a2200181Ia 4500
001 10901
005 20260306161906.0
008 260306t2011||||xx |||||||||||||| ||spa||
041 _aESP
082 _a980.013
_bC26
100 _aCañellas Mas, Antonio
_eAUT
245 0 _aAmérica y la hispanidad:
_bhistoria de un fenómeno cultural
260 _c2011
300 _a212 páginas :
_c21 cm.
650 _aGEN
654 _aCHU
942 _cLIB
_dJUS
_fJUS
_2ddc
_n
999 _c10901
_d10901